<?xml version="1.0" encoding="UTF-8"?><?xml-stylesheet type="text/xsl" href="static/style.xsl"?><OAI-PMH xmlns="http://www.openarchives.org/OAI/2.0/" xmlns:xsi="http://www.w3.org/2001/XMLSchema-instance" xsi:schemaLocation="http://www.openarchives.org/OAI/2.0/ http://www.openarchives.org/OAI/2.0/OAI-PMH.xsd"><responseDate>2026-04-14T06:50:21Z</responseDate><request verb="GetRecord" identifier="oai:www.recercat.cat:10230/46074" metadataPrefix="marc">https://recercat.cat/oai/request</request><GetRecord><record><header><identifier>oai:recercat.cat:10230/46074</identifier><datestamp>2025-12-24T08:51:14Z</datestamp><setSpec>com_2072_6</setSpec><setSpec>col_2072_452952</setSpec></header><metadata><record xmlns="http://www.loc.gov/MARC21/slim" xmlns:dcterms="http://purl.org/dc/terms/" xmlns:xsi="http://www.w3.org/2001/XMLSchema-instance" xmlns:doc="http://www.lyncode.com/xoai" xsi:schemaLocation="http://www.loc.gov/MARC21/slim http://www.loc.gov/standards/marcxml/schema/MARC21slim.xsd">
   <leader>00925njm 22002777a 4500</leader>
   <datafield ind2=" " ind1=" " tag="042">
      <subfield code="a">dc</subfield>
   </datafield>
   <datafield ind2=" " ind1=" " tag="720">
      <subfield code="a">Branzi, Francesca Martina, 1984-</subfield>
      <subfield code="e">author</subfield>
   </datafield>
   <datafield ind2=" " ind1=" " tag="720">
      <subfield code="a">Calabria, Marco</subfield>
      <subfield code="e">author</subfield>
   </datafield>
   <datafield ind2=" " ind1=" " tag="720">
      <subfield code="a">Boscarino, Maria Lucrezia</subfield>
      <subfield code="e">author</subfield>
   </datafield>
   <datafield ind2=" " ind1=" " tag="720">
      <subfield code="a">Costa, Albert, 1970-</subfield>
      <subfield code="e">author</subfield>
   </datafield>
   <datafield ind2=" " ind1=" " tag="260">
      <subfield code="c">2020-12-17T09:46:31Z</subfield>
   </datafield>
   <datafield ind2=" " ind1=" " tag="260">
      <subfield code="c">2020-12-17T09:46:31Z</subfield>
   </datafield>
   <datafield ind2=" " ind1=" " tag="260">
      <subfield code="c">2016</subfield>
   </datafield>
   <datafield ind2=" " ind1=" " tag="520">
      <subfield code="a">We explored the overlap between bilingual language control (bLC) and domain-general executive control (EC) by focusing on inhibitory control processes. We tested 62 bilinguals in linguistic and non-linguistic switching tasks for two types of costs, such as the n − 1 shift cost and the n − 2 repetition cost. In order to explore the involvement of inhibitory control in bLC and EC, we assessed the pattern of switch costs in the two tasks and then we correlated them between tasks. Results showed reduced n − 2 repetition costs as compared to n − 1 shift costs in the linguistic task only, suggesting that small amount of inhibition were deployed when switching between languages. Importantly, neither the n − 1 shift costs nor the n − 2 repetition costs were correlated between tasks. These results, supported by additional evidence from the ex-Gaussian analysis, suggest that inhibitory control is differently involved in bLC and in EC.</subfield>
   </datafield>
   <datafield ind2=" " ind1=" " tag="520">
      <subfield code="a">This work was supported by grants from the Spanish Government (PSI2014- 54500, PSI2008-01191, PSI2011-23033, PSI2011-23340, Consolider Ingenio 2010 CSD2007-00012), the Catalan Government (Consolidat SGR 2009-1521 and SGR 2014-1210) and by one grant from the European Research Council under the European Community’s Seventh Framework (FP7/2007-2013 Cooperation grant agreement 613465-AThEME). This research received partial financial assistance as a Severo Ochoa Center of Excellence SEV-2015-0490. Francesca M. Branzi was supported by a predoctoral fellowship from the Spanish Government (FPU-2009- 2013) and by a postdoctoral fellowship from the European Union’s Horizon 2020 research and innovation programme, under the Marie Sklodowska-Curie grant agreement No 658341. Marco Calabria was supported by a postdoctoral fellowship from the Spanish Government (Ramón y Cajal Fellowship).</subfield>
   </datafield>
   <datafield tag="653" ind2=" " ind1=" ">
      <subfield code="a">Bilingual language control</subfield>
   </datafield>
   <datafield tag="653" ind2=" " ind1=" ">
      <subfield code="a">Domain-general executive control</subfield>
   </datafield>
   <datafield tag="653" ind2=" " ind1=" ">
      <subfield code="a">Inhibitory control</subfield>
   </datafield>
   <datafield tag="653" ind2=" " ind1=" ">
      <subfield code="a">Task-switching</subfield>
   </datafield>
   <datafield ind2="0" ind1="0" tag="245">
      <subfield code="a">On the overlap between bilingual language control and domain-general executive control</subfield>
   </datafield>
</record></metadata></record></GetRecord></OAI-PMH>